Molecular behaviour and the development of polymeric materials (Record no. 24552)

MARC details
000 -LEADER
fixed length control field 00395nam a2200145Ia 4500
082 ## - DEWEY DECIMAL CLASSIFICATION NUMBER
Classification number 028.2875
Item number LED
245 #0 - TITLE STATEMENT
Title Molecular behaviour and the development of polymeric materials
260 ## - PUBLICATION, DISTRIBUTION, ETC. (IMPRINT)
Place of publication London
Name of publisher Chapman and Hall
Year of publication 1975
650 ## - SUBJECT ADDED ENTRY--TOPICAL TERM
Topical Term Polyolefins
650 ## - SUBJECT ADDED ENTRY--TOPICAL TERM
Topical Term Polyurethane
700 ## - ADDED ENTRY--PERSONAL NAME
Personal name Ledwith, A
700 ## - ADDED ENTRY--PERSONAL NAME
Personal name North, A M
942 ## - ADDED ENTRY ELEMENTS (KOHA)
Koha item type Books
Holdings
Withdrawn status Lost status Damaged status Not for loan Home library Current library Date acquired Cost, normal purchase price Full call number Accession Number Koha item type
        RRII Library RRII Library 16/12/2021 12.00 028.2875 LED 05233 Books